[Event "SGP-ch 74th"]
[Site "Singapore"]
[Date "2023.02.04"]
[Round "5"]
[White "Ng, Say Liang"]
[Black "Rice, Lauren"]
[Result "1-0"]
[WhiteElo "1469"]
[BlackElo "1594"]
[PlyCount "73"]
[EventDate "2023.01.27"]
[EventType "swiss"]
[EventRounds "9"]
[EventCountry "SIN"]
[SourceTitle "CBM 212 Extra"]
[Source "ChessBase"]
[SourceDate "2023.03.31"]
[SourceVersion "1"]
[SourceVersionDate "2023.03.31"]
[SourceQuality "1"]

1. e4 c5 2. Nc3 g6 3. d4 cxd4 4. Qxd4 Nf6 5. Nf3 d6 6. e5 Nh5 7. Be3 Nc6 8. Bb5 Ng7 9. Qe4 Nf5 10. Bf4 e6 11. exd6 Bxd6 12. Rd1 0-0 13. g4 e5 14. Bg3 Nfd4 15. Bxc6 Nxc6 16. 0-0 a6 17. g5 Bf5 18. Qh4 Nd4 19. Nxd4 exd4 20. Rxd4 Bxg3 21. hxg3 Qa5 22. Nd5 h5 23. gxh6 f6 24. Ne7+ Kh7 25. Rd5 Qb6 26. Nxf5 gxf5 27. Rxf5 Rg8 28. Rd1 Rg6 29. Rd7+ Kh8 30. h7 Qe6 31. Rfd5 Re8 32. Rd8 Qe1+ 33. Kg2 Qe7 34. Qd4 Rxg3+ 35. fxg3 Qe2+ 36. Qf2 Qe4+ 37. Kg1 1-0